| LEADER |
01363nam0a2200229 450 |
| 001 |
16835581 |
| 010 |
|
|
|a 978-2-88953-216-2
|b br.
|d 14,9
|
| 100 |
|
|
|a 20191105d2026 u u0frey01 ba
|
| 101 |
0 |
|
|a fre
|
| 102 |
|
|
|a CH
|
| 200 |
0 |
|
|a Gym douce et yoga sur une chaise
|e 150 exercices et postures, simples et efficaces
|f Jacques Choque
|
| 207 |
|
1 |
|a
|
| 210 |
|
|
|a Genève
|c Editions Jouvence
|d DL 2019
|
| 215 |
|
|
|a 1 vol. (143 p.)
|c ill. en coul.
|d 22 cm
|
| 225 |
1 |
|
|a Jouvence santé
|
| 330 |
|
|
|a La chaise, omniprésente dans notre quotidien, peut sortir aisément de son rôle d'élément de mobilier pour devenir un appareil de fitness hors pair, accessible à tous - même aux personnes à mobilité réduite - et en tous lieux. En effet, chacun, quel que soit son degré de sportivité, peut l'utiliser dans la plus grande simplicité pour effectuer des exercices appropriés d'entretien de son corps et de son capital santé . Clair et pédagogique grâce à ses nombreuses photographies qui vous accompagneront dans votre apprentissage, ce livre va faciliter votre pratique et devenir rapidement l'allié de votre forme !
|
| 610 |
0 |
|
|a Yoga
|
| 676 |
|
|
|a 615
|
| 700 |
|
0 |
|a Choque
|b Jacques
|f 1952-....
|4 70
|
| 900 |
|
|
|a Documentaire
|
| 901 |
|
|
|a Accessible au prêt
|
| 995 |
|
|
|a Bibliothèque
|c Bibliothèque
|f 024021062
|h 024021062
|k 615 CHO
|o p
|q a
|r az
|e Bibliothèque
|